Indian Economy/ (Record no. 200807)
[ view plain ]
| 000 -LEADER | |
|---|---|
| fixed length control field | 00644nam a22002057a 4500 |
| 005 - DATE AND TIME OF LATEST TRANSACTION | |
| control field | 20240312172314.0 |
| 010 ## - LCCN (DPL NO) | |
| LC control number | ENG-139285 |
| 020 ## - INTERNATIONAL STANDARD BOOK NUMBER | |
| International Standard Book Number | 9789355321404 |
| Terms of availability | 865.00 |
| 035 ## - SYSTEM CONTROL NUMBER | |
| System control number | EN-122817 |
| 037 ## - SOURCE OF ACQUISITION | |
| Source of stock number/acquisition | DBAD/PUB |
| 082 ## - DEWEY DECIMAL CLASSIFICATION NUMBER | |
| Classification number | 330.154 |
| 100 ## - MAIN ENTRY--PERSONAL NAME | |
| Personal name | Singania , Nitin |
| 245 ## - TITLE STATEMENT | |
| Title | Indian Economy/ |
| Statement of responsibility, etc | By Nitin Singhania |
| 250 ## - EDITION STATEMENT | |
| Edition statement | 3 |
| 260 ## - PUBLICATION, DISTRIBUTION, ETC. (IMPRINT) | |
| Place of publication, distribution, etc | Chennai |
| Name of publisher, distributor, etc | McGraw Hill Education Pvt.Ltd |
| Date of publication, distribution, etc | 2022 |
| 270 ## - ADDRESS | |
| Address | Anjana complexno5/90A,Butt Road ,St.Thomas mount |
| City | Chennai |
| Postal code | 600016 |
| 300 ## - PHYSICAL DESCRIPTION | |
| Extent | 678p. |
| Dimensions | 24cm(hbk) |
| 500 ## - GENERAL NOTE | |
| General note | For civil services and other competitive Examinations |
| 942 ## - ADDED ENTRY ELEMENTS (KOHA) | |
| Source of classification or shelving scheme | Dewey Decimal Classification |
| Item type | English Books |
| Classification part | 330.154 |
| Call number suffix | SIN |
| Withdrawn status | Lost status | Not for loan | Collection code | Home library | Current library | Date acquired | Source of acquisition | Cost, normal purchase price | Full call number | Barcode | Copy number | Cost, replacement price | Koha item type |
|---|---|---|---|---|---|---|---|---|---|---|---|---|---|
| Non-fiction | Peshwa Road | Peshwa Road | 15/02/2024 | DBAD/PUB | 865.00 | 330.154 SIN | EN-122817 | 1 | 865.00 | English Books |
